000 00810nam a2200193 i 4500
001 180536
003 ES-MaACL
005 20230906221126.0
008 120612s1974 sp |||| | spa d
080 _a576.8.095(043.2)
100 1 _aGuerrero, Ricardo.
_960567
245 1 0 _aMultiplicación en estado integrado y efecto protector frente a la irradiación ultravioleta del factor S de Citrobacter Intermedium C3 /
_cpor Ricardo Guerrero Moreno.
260 _aBarcelona :
_bUniversidad de Barcelona, Secretariado de Publicaciones, Intercambio Científico y Extensión Universitaria,
_c1974.
300 _a15 p. :
_bgrab. ;
_c24 cm.
502 _aTesis-Universidad Barcelona (Extracto)
650 0 4 _aMicrobiología.
_915023
710 2 _aUniversidad de Barcelona.
_97141
852 _aES-MaACL
_jE-15362(119)
999 _c180536
_d180536